000 00615cam a2200181 i 4500
020 _a9780199404568
082 _a954.91
_bSAL
100 1 _aSalik, Naeem,
_930768
245 1 0 _aLearning to live with the bomb :
_bPakistan, 1998-2016 /
_cNaeem Salik.
250 _aFirst edition.
300 _axxii, 328 pages ;
_c23 cm
526 _a0
_b0
_c0
_d954_910000000000000_SAL
650 0 _aCommand and control systems
_zPakistan.
_913003
650 0 _aNational security
_zPakistan.
_91620
650 0 _aNuclear weapons
_xGovernment policy
_zPakistan.
_912989
650 0 _aNuclear weapons
_zPakistan.
_912988
942 _2ddc
_cBK
999 _c554323
_d554323